Derecho financiero y tributario : 1 : introducción, derecho presupuestario, ingresos públicos no tributarios / Carlos Palao Taboada 1 :
ISBN:
84-86123-29-1
Descripción Física:
311 p. ; 22 cm
MARC
| LEADER | 00000nam a2200000Ia 4500 | ||
|---|---|---|---|
| 001 | 18162 | ||
| 008 | 160829s1985 xx 000 0 cat d | ||
| 020 | |a 84-86123-29-1 | ||
| 080 | |a D-3-108 | ||
| 100 | |a Palao Taboada, Carlos |9 23470 | ||
| 245 | |a Derecho financiero y tributario : |b 1 : |b introducción, derecho presupuestario, ingresos públicos no tributarios / Carlos Palao Taboada | ||
| 260 | |a Madrid : |b Colex, |c 1985 | ||
| 300 | |a 311 p. ; |c 22 cm | ||
| 590 | |a Referències bibliogràfiques a cada capítol | ||
| 650 | |a Dret financer |x Espanya |9 23471 | ||
| 650 | 0 | |a Dret fiscal |z Espanya |9 18737 | |
| 650 | |a Pressupost |x Espanya |9 23326 | ||
| 901 | |a Arxiu | ||
| 942 | |n 1 | ||
| 952 | |0 1 |1 0 |2 udc |4 0 |5 2 |6 D3108 |7 1 |9 42720 |a Arxiu |b Arxiu |d 2016-12-01 |l 0 |o D-3-108 |p 18162 |r 2016-12-01 00:00:00 |w 2016-12-01 |y ARXIU | ||
| 999 | |c 45226 |d 45226 | ||